| 000 | 01124nam a2200289 i 4500 | ||
|---|---|---|---|
| 003 | DO-SdBNP | ||
| 005 | 20240305103359.0 | ||
| 007 | ta | ||
| 008 | 131128s1999 dr aco 001 0 spa d | ||
| 040 |
_aDO-SdBNP _bspa _cBNPHU _erda |
||
| 082 | 4 |
_222 _a780.97293 _bI37v |
|
| 100 | 1 |
_aIncháustegui, Arístides, _d1938- _922936 |
|
| 245 | 1 | 0 |
_aVida musical : _ben Santo Domingo (1966-1996) / _cArístides Incháustegui, Blanca Delgado Malagón. |
| 264 |
_aSanto Domingo : _bBanco de Reservas, _c1999. |
||
| 300 |
_a561 páginas : _bilustraciones, retratos, fotografías ; _c29 cm. |
||
| 336 |
_2rdacontent _atexto _btxt |
||
| 337 |
_2rdamedia _asin mediación _bn |
||
| 338 |
_2rdacarrier _avolumen _bnc |
||
| 500 | _aIncluye índice onomástico | ||
| 504 | _aBibliografía : p. 561 | ||
| 505 | 2 |
_tApogeo del solista (1966-1969) -- _tAuge del a opera (1970-1979) -- _tEl director se impone (1980-1989) -- _tArte sin critica (1990-1996) -- |
|
| 590 | _aInventariado, 2023/BT | ||
| 650 | 4 |
_aMúsica _xHistoria _zRepública Dominicana _954113 |
|
| 700 | 1 |
_aDelgado Malagón, Blanca _922928 |
|
| 910 | _aBtavárez | ||
| 942 |
_2ddc _cLBS1 |
||
| 999 |
_c41908 _d41908 |
||